1303 1144 1300 1938 1276 1117 1899 1212 1903 1949 1372 1074 1093 1234 1123 1940 1868 1331 1488 1950 1962 1135 1035 1727 1965 1466 1749 1561 1667 1353 1154 1217 1375 1189 1818 1628 1205 1640 1110 1178 1042 1412 1184 1633 1768 1642 1277 1944 1408 1516 1271 1005 1907 1718 1013 1092 1541 1848 1477 1577 1466 1167 1078 1396 1243 1713 1055 1993 1365 1979 1606 1434 1575 1872 1762 1297 1668 1972 1575 1233 1280 1334 1665 1297 1035 1408 1346 1789 1123 1973 1109 1114 1734 1524 1453 1128 1703 1069 1789 BCNSPRNW ULIB Ver.6.0+V

เปลี่ยนเป็นภาษาไทย

Change to English
 แสดงรายละเอียดบรรณานุกรม
  กลับหน้าหลัก

Brief Record : Get Marc (ISO 2709) : E-mail record : QR code < ปิดหน้าต่าง
LEADER : 00000nam 2200000uu 4500
001    13399115016
003     ULIB
008    020711s|||| th a 000 0 tha d
245    ^aความเครียด ความวิตกกังวล และสุขภาพ /^cจำลอง ดิษยวณิช
260    ^a ^bม.ป.ท.,^cม.ป.ป.
945    ^p0^l0^i016436
999    ^aวรรณษา ชูชัยมงคล
รายการนี้ยังไม่มีแท็ก
คุณยังไม่ได้ล็อกอิน คุณสามารถมีกิจกรรมร่วมกับเว็บไซต์ได้ แต่ต้องล็อกอินก่อน ::
  ล็อกอิน

รายการสื่อสารสนเทศ

ลำดับที่ ประเภท เลขเรียก/บาร์โค้ด สถานที่ สถานะ
- ไม่พบข้อมูล -

รายการใกล้เคียง
    ผู้แต่ง []

BibComment


ยังไม่เคยถูกคอมเมนท์

คอมเมนท์ทรัพยากรรายการนี้
  คอมเมนท์: ความเครียด ความว..


 Copyright 2026. Bcnsprnw @Library